| 000 | 00348nam a2200121 4500 | ||
|---|---|---|---|
| 999 |
_c13547 _d13547 |
||
| 008 | 190328b ||||| |||| 00| 0 eng d | ||
| 100 |
_937827 _aDe Vera, Analou |
||
| 245 |
_aWarning out on tampered, expired food/ _cAnalou De Vera |
||
| 260 |
_aPhilippines _bManila Bulletin _cc2018 |
||
| 300 | _apage 5. | ||
| 650 | 0 |
_937828 _aFood. |
|
| 942 |
_2ddc _cPER |
||